Quick Pick: 'K' World Landmarks Quiz Stats

 Plays Quiz Updated Aug 1, 2018

Challenge
Share
Tweet
Embed
Score 0/12 Timer 01:30
3 Plays Today
% Correct
Russia
92.6%
Ireland
90.8%
Germany
85.8%
Tanzania
81.5%
Greece
81.4%
South Africa
74%
India
69.3%
Austria
60.5%
Denmark
58.2%
Egypt
52.6%
Netherlands
48.1%
Syria
31%

Today's Daily Dose

Missing Word
New England Movies

Word Ladder
Royal Titles

Get the Picture
Big 4 'B' All-Stars

You're not logged in!

Compare scores with friends on all Sporcle quizzes.
OR
Log In

You Might Also Like...

Show Comments

Extras

Top Quizzes Today


Score Distribution

Your Account Isn't Verified!

In order to create a playlist on Sporcle, you need to verify the email address you used during registration. Go to your Sporcle Settings to finish the process.

Report this User

Report this user for behavior that violates our Community Guidelines.

Details: